| 000 | 00456nam a2200133Ia 4500 | ||
|---|---|---|---|
| 008 | 171207s9999 xx 000 0 und d | ||
| 100 | _aJones, Daniel N. | ||
| 245 | _aDuplicity among the dark triad: Three faces of deceit. | ||
| 245 | _cJones, Daniel N.; Paulhus, Delroy L. | ||
| 260 | _c2017 | ||
| 300 | _apages 329-342, August 2017 | ||
| 440 |
_aJournal of Personality and Social Psychology _v113:2 |
||
| 650 | _aCHEATING, DARK TRIAD, DECEPTION, HONESTY | ||
| 999 |
_c347616 _d347616 |
||